Joueurs d'échecs célèbres - Statistiques

Statistiques générales
  • Ce quiz a été pris 92 fois
  • Le résultat moyen est 8 sur 12
Statistiques - réponses
Par images Réponse % Correct
Garry Kasparov
99%
Magnus Carlsen
99%
Bobby Fischer
93%
Anatoli Karpov
78%
José Raúl Capablanca
64%
Mikhaïl Tal
64%
Viswanathan Anand
64%
Vladimir Kramnik
53%
Paul Morphy
44%
Alexandre Alekhine
43%
Emanuel Lasker
35%
Mikhaïl Botvinnik
33%
Aucun quiz correspondant
Distribution des résultats
% des personnes avec chaque résultat
Percentile par nombre de réponses
Votre historique - résultats
Vous n’avez pas pris ce quiz